[Event "German Bundesliga 2021-22"]
[Site "Germany"]
[Date "2022.04.30"]
[Round "5.10"]
[White "Nagy, Gabor"]
[Black "Nguyen, Thai Dai Van"]
[Result "1/2-1/2"]
[WhiteElo "2530"]
[BlackElo "2613"]
[Annotator "TA"]
[PlyCount "60"]
[EventDate "2022.03.05"]
[EventType "team-tourn"]
[EventCountry "GER"]
[SourceTitle "playchess.com"]
[Source "ChessBase"]
[SourceQuality "1"]
[TimeControl "40/5400+30:1800+30"]

{[%evp 14,60,0,0,1,0,0,0,0,0,-7,-13,-8,0,0,0,0,0,0,0,15,7,39,0,22,18,18,0,10,11,3,0,0,0,0,0,0,0,0,-10,-8,-34,-27,-23,0,0,43,38,99]} 1. c4 {[%emt 0:00:00]} e6 {[%emt 0:00:00]} 2. Nc3 {[%emt 0:00:00]} d5 {[%emt 0:00:00]} 3. d4 {[%emt 0:00:00]} c6 {[%emt 0:00:00]} 4. e3 {[%emt 0:00:00]} Nf6 {[%emt 0:00:00]} 5. Nf3 {[%emt 0:00:00]} Nbd7 {[%emt 0:00:00]} 6. Be2 {[%emt 0:00:00]} Bd6 {[%emt 0:00:00]} 7. O-O {[%emt 0:00:00]} O-O {[%emt 0:00:00]} 8. b3 {[%emt 0:00:00]} b6 {[%emt 0:00:00] D45: Semi-Slav: 5 e3.} 9. Bb2 {[%emt 0:00:00]} Bb7 {[%emt 0:00:00]} 10. Bd3 {[%emt 0:00:16]} Re8 {[%emt 0:08:01] The position is equal.} 11. e4 {[%emt 0:07:31] [#] Hoping for e5.} dxc4 {[%emt 0:17:37]} 12. bxc4 {[%emt 0:00:18] aiming for e5.} (12. Bxc4 {keeps more tension.} b5 13. e5 bxc4 14. exd6 cxb3 15. Re1) 12... e5 {[%emt 0:00:24] Black wants to play ...exd4.} 13. d5 {[%emt 0:00:11] [#]} a6 $146 {[%emt 0:01:44]} ({Predecessor:} 13... Nc5 14. Re1 Qd7 15. Bf1 Ba6 16. Nd2 cxd5 17. cxd5 Bxf1 18. Nxf1 b5 19. Ng3 b4 {0-1 (37) Javakhishvili,L (2479)-Santos Latasa,J (2639) Salamanca 2021}) 14. a4 {[%emt 0:09:53]} Nc5 {[%emt 0:12:08]} 15. Bc2 {[%emt 0:01:20]} Qc7 {[%emt 0:08:28]} 16. Qe2 {[%emt 0:01:04]} Rad8 {[%emt 0:03:56]} 17. Rfd1 {[%emt 0:02:24]} Bc8 {[%emt 0:03:09]} 18. Nd2 {[%emt 0:01:12]} (18. dxc6 {with more complications.} Bg4 19. a5 bxa5 20. Nd5) 18... Bg4 {[%emt 0:00:55]} 19. f3 {[%emt 0:00:20]} Bd7 {[%emt 0:00:21]} 20. g3 {[%emt 0:06:21]} cxd5 {[%emt 0:08:18]} 21. cxd5 {[%emt 0:01:04]} b5 {[%emt 0:00:09]} 22. axb5 {[%emt 0:00:35]} axb5 {[%emt 0:00:05]} 23. Kg2 {[%emt 0:00:58]} Rb8 {[%emt 0:02:35] Strongly threatening ...b4.} 24. Rdc1 {[%emt 0:01:12]} Rec8 {[%emt 0:04:10]} 25. Nd1 {[%emt 0:03:25]} Qb7 {[%emt 0:06:37]} 26. Ne3 {[%emt 0:04:55]} Ne8 {[%emt 0:01:07]} 27. Rab1 {[%emt 0:02:29]} Ra8 {[%emt 0:03:38]} 28. Bc3 {[%emt 0:06:36]} f6 {[%emt 0:00:25]} 29. Ndc4 {[%emt 0:02:58]} Na4 {[%emt 0:03:33]} 30. Bd2 {[%emt 0:02:33]} ({Don't go for} 30. Nxd6 $2 {[#]} Nxc3 $1 {[%mdl 512]} 31. Qxb5 (31. Nxb7 $2 {is the wrong capture.} Nxe2 32. Rd1 Nd4 $19) 31... Qxb5 $19) 30... Qa6 {[%emt 0:04:35] Weighted Error Value: White=0.05 (flawless) /Black=0.07 (flawless)} (30... Qa7 $14) 1/2-1/2

[Event "German Bundesliga 2021-22"]
[Site "Germany"]
[Date "2022.04.30"]
[Round "5.11"]
[White "Fridman, Daniel"]
[Black "Koch, Thomas"]
[Result "1-0"]
[WhiteElo "2626"]
[BlackElo "2458"]
[Annotator "TA"]
[PlyCount "139"]
[EventDate "2022.03.05"]
[EventType "team-tourn"]
[EventCountry "GER"]
[SourceTitle "playchess.com"]
[Source "ChessBase"]
[SourceQuality "1"]
[TimeControl "40/5400+30:1800+30"]

{[%evp 14,139,10,8,24,9,13,8,4,6,39,25,44,43,56,27,80,82,83,72,79,79,85,76,123,75,91,61,109,101,111,41,37,41,52,44,45,45,91,95,100,103,89,84,92,92,77,70,88,68,85,75,112,101,116,85,93,0,60,58,61,75,65,77,77,0,0,0,66,51,85,41,27,6,8,0,0,0,0,0,0,0,52,42,57,55,62,57,80,73,74,118,461,351,588,588,587,587,29970,29971,9288,572,29979,29980,29980,29981,29979,29980,29980,29981,29981,29982,29982,29983,29983,29984,29984,29985,29985,29986,29990,29991,29991,29992,29994,29995,29995,29996]} 1. d4 {[%emt 0:00:00]} Nf6 {[%emt 0:00:00]} 2. c4 {[%emt 0:00:00]} e6 {[%emt 0:00:00]} 3. Nc3 {[%emt 0:00:00]} Bb4 {[%emt 0:00:00]} 4. e3 {[%emt 0:00:00]} O-O {[%emt 0:00:00]} 5. Bd2 {[%emt 0:00:00]} d5 {[%emt 0:00:00]} 6. Nf3 {[%emt 0:00:00]} c5 {[%emt 0:00:00]} 7. a3 {[%emt 0:07:25]} Bxc3 {[%emt 0:00:00]} 8. Bxc3 {[%emt 0:00:54]} cxd4 {[%emt 0:00:00] E51: Nimzo-Indian: Rubinstein: 4...0-0 5 Nf3 d5.} 9. Nxd4 {[%emt 0:01:41]} Re8 {[%emt 0:01:47]} 10. cxd5 {[%emt 0:05:09]} Nxd5 {[%emt 0:05:29] The position is equal.} 11. Rc1 {[%emt 0:08:23] [#]} a6 $146 {[%emt 0:22:44]} ({Predecessor:} 11... Bd7 12. Qb3 Nxc3 13. Rxc3 Nc6 14. Qxb7 Nxd4 15. exd4 Rb8 16. Qxa7 e5 17. d5 Rxb2 {0-1 (42) Kostlan,J (1974)-Palmqvist,F (2040) Stockholm 2013}) 12. Be2 {[%emt 0:03:07]} b6 {[%emt 0:06:12]} 13. O-O {[%emt 0:06:27]} Bb7 {[%emt 0:00:49]} 14. Bd2 {[%emt 0:05:08]} e5 {[%emt 0:02:05]} (14... Qf6 $11) 15. Nf5 $16 {[%emt 0:02:09]} Nc6 {[%emt 0:03:21]} 16. Qb3 {[%emt 0:12:57]} Nce7 {[%emt 0:08:57]} 17. Ng3 {[%emt 0:01:04] White is much more active.} Rc8 {[%emt 0:05:34]} 18. a4 {[%emt 0:09:38]} Qd6 {[%emt 0:05:49]} ({Black should try} 18... Rxc1 19. Rxc1 Nf6) 19. Bf3 {[%emt 0:03:44]} (19. Bc4 $142) 19... Qe6 {[%emt 0:07:59]} 20. Rfd1 {[%emt 0:06:20]} Red8 {[%emt 0:05:16]} (20... Rxc1 $14 {was preferrable.} 21. Bxc1 (21. Rxc1 Rd8 $14) 21... g6) 21. Rxc8 {[%emt 0:05:19]} Rxc8 {[%emt 0:01:36]} 22. e4 {[%emt 0:01:20]} (22. h3 $16) 22... Nf4 $14 {[%emt 0:01:41]} 23. Qxe6 {[%emt 0:00:07]} (23. Qb4 {with more complications.} a5 24. Qb5 Bc6 25. Qxb6 Bxa4 26. Qxe6 Nxe6 27. Ra1) 23... Nxe6 {[%emt 0:00:29]} 24. Bc3 {[%emt 0:03:35]} Nc6 {[%emt 0:04:17]} 25. Bg4 {[%emt 0:08:54] Bxe6 is the strong threat.} Rc7 {[%emt 0:02:15]} (25... Rd8 $14) 26. Bxe6 $16 {[%emt 0:04:29]} fxe6 {[%emt 0:00:07]} 27. f3 $1 {[%emt 0:00:41]} Kf7 {[%emt 0:02:29]} 28. Nf1 {[%emt 0:00:07]} b5 {[%emt 0:01:01]} 29. axb5 {[%emt 0:00:08]} axb5 {[%emt 0:00:05]} 30. b4 {[%emt 0:00:58]} Ke7 {[%emt 0:03:56]} 31. Kf2 {[%emt 0:02:25]} Rd7 {[%emt 0:00:23]} 32. Rc1 {[%emt 0:00:42]} Kf7 {[%emt 0:01:27]} 33. Nd2 {[%emt 0:00:20]} Ba8 {[%emt 0:01:56]} 34. Ra1 {[%emt 0:02:24]} Rd3 {[%emt 0:03:09]} 35. Rc1 {[%emt 0:00:06]} (35. Ra3 $16) 35... Nd4 {[%emt 0:00:44]} ({Better is} 35... Rd7 $1 $11) 36. Nf1 $14 {[%emt 0:01:30]} Kf6 {[%emt 0:01:11]} 37. h4 {[%emt 0:00:48]} Nb3 {[%emt 0:00:45]} 38. Rc2 {[%emt 0:00:07]} Nd4 {[%emt 0:00:08]} 39. Rc1 {[%emt 0:00:09]} (39. Bxd4 $5 exd4 40. Ng3 $14) 39... Nb3 $1 {[%emt 0:00:05]} 40. Rc2 {[%emt 0:00:04]} Nd4 {[%emt 0:00:13]} 41. Bxd4 {[%emt 0:00:00]} exd4 {[%emt 0:00:00][%mdl 4096] Endgame KRB-KRN} 42. Rc5 {[%emt 0:00:00]} Rb3 {[%emt 0:00:00]} 43. Rxb5 {[%emt 0:00:00] next Rb6 is good for White.} (43. Rc8 $5 {[%cal Rc8f8]} Rb2+ 44. Ke1 Rb1+ 45. Ke2 $11) 43... Rb2+ {[%emt 0:00:00]} 44. Kg3 {[%emt 0:00:00]} Bc6 {[%emt 0:00:00]} 45. Rb6 {[%emt 0:00:00]} Ba4 {[%emt 0:00:00]} 46. Kf4 {[%emt 0:01:14]} Rxg2 {[%emt 0:00:00]} 47. Rd6 {[%emt 0:06:48]} Rf2 {[%emt 0:06:30]} ({Black should play} 47... h6 $11 48. e5+ Kf7) 48. Ng3 {[%emt 0:00:04]} Bd1 {[%emt 0:04:18]} 49. Nh5+ $1 {[%emt 0:00:11]} Kg6 {[%emt 0:00:33] [#]} 50. Rxd4 $1 {[%emt 0:00:06]} Rxf3+ {[%emt 0:00:10]} (50... Bxf3 $2 51. Ke3 $1 Rf1 52. Ng3 $18) (50... Rf1 51. Ng3) 51. Ke5 {[%emt 0:00:06]} Kxh5 {[%emt 0:00:05]} 52. Rxd1 $16 {[%emt 0:00:05] KR-KR} Rb3 {[%emt 0:00:17][%mdl 8192] [#] Inhibits Rb1. Loses the game.} (52... Rc3 $16 {is more resistant.} 53. Kxe6 Rc4) 53. Rd4 $1 $18 {[%emt 0:04:40]} Kxh4 $2 {[%emt 0:00:50]} (53... g5 54. hxg5 Kxg5) 54. Kxe6 {[%emt 0:00:10]} Kg5 {[%emt 0:09:05]} 55. e5 {[%emt 0:02:16]} Re3 {[%emt 0:02:07]} 56. b5 {[%emt 0:04:47]} Rb3 {[%emt 0:01:25] [#]} 57. Rd5 $1 {[%emt 0:00:08] Kd7 would kill now.} h5 {[%emt 0:02:29]} 58. Kd7 {[%emt 0:00:34] White mates.} Re3 {[%emt 0:01:18]} 59. e6+ {[%emt 0:02:52]} Kf6 {[%emt 0:00:24]} 60. Rd6 {[%emt 0:01:09]} h4 {[%emt 0:00:34]} 61. b6 {[%emt 0:00:42]} h3 {[%emt 0:00:11]} 62. b7 {[%emt 0:00:07]} h2 {[%emt 0:00:13]} 63. b8=Q {[%emt 0:00:12]} h1=Q {[%emt 0:00:09] KQR-KQR} 64. e7+ {[%emt 0:02:40]} Kg5 {[%emt 0:00:45]} 65. Qb5+ {[%emt 0:00:51]} Kf4 {[%emt 0:01:06]} 66. Rd4+ {[%emt 0:00:20]} Kg3 {[%emt 0:00:09]} 67. Qg5+ {[%emt 0:00:17]} Kf2 {[%emt 0:00:11]} 68. Rd2+ {[%emt 0:00:26]} Re2 {[%emt 0:00:15]} 69. Rxe2+ {[%emt 0:00:06]} Kxe2 {[%emt 0:00:08]} 70. e8=Q+ {[%emt 0:00:06] Weighted Error Value: White=0.09 (flawless) /Black=0.49} 1-0

[Event "German Bundesliga 2021-22"]
[Site "Germany"]
[Date "2022.04.30"]
[Round "5.11"]
[White "Hansen, Sune Berg"]
[Black "Korobov, Anton"]
[Result "1/2-1/2"]
[WhiteElo "2527"]
[BlackElo "2695"]
[Annotator "TA"]
[PlyCount "68"]
[EventDate "2022.03.05"]
[EventType "team-tourn"]
[EventCountry "GER"]
[SourceTitle "playchess.com"]
[Source "ChessBase"]
[SourceQuality "1"]
[TimeControl "40/5400+30:1800+30"]

{[%evp 9,68,18,34,-14,-4,-29,-16,-9,-16,-24,0,0,0,-2,0,-2,-13,-22,-17,-16,0,-9,0,0,0,0,0,0,4,20,9,3,16,18,16,8,0,0,9,0,14,0,0,0,0,0,0,0,0,0,0,0,0,-14,-14,-14,-14,-14,-15,-15,-13]} 1. Nf3 {[%emt 0:00:00]} c5 {[%emt 0:00:00]} 2. c4 {[%emt 0:00:00]} Nf6 {[%emt 0:00:00]} 3. Nc3 {[%emt 0:00:00]} d5 {[%emt 0:00:00]} 4. cxd5 {[%emt 0:00:00]} Nxd5 {[%emt 0:00:00]} 5. e4 {[%emt 0:02:33]} Nb4 {[%emt 0:00:00]} 6. d3 {[%emt 0:00:26] A34: Symmetrical English: 2 Nc3, lines with ...d5.} (6. Bb5+ $14 N8c6 7. a3 (7. d4 cxd4 8. a3 dxc3 $14) 7... Nd3+ 8. Ke2 Nf4+ 9. Kf1) 6... N4c6 {[%emt 0:00:00] [#]} 7. h3 $146 {[%emt 0:09:32]} ({Predecessor:} 7. Bf4 f6 8. e5 Nd4 9. Be2 Nbc6 10. O-O f5 11. Rc1 e6 12. Nxd4 Nxd4 13. Be3 Bd7 {½-½ (40) Stearman,J (2435)-Sheng,J (2453) Charlotte 2021}) 7... Nd4 {[%emt 0:06:35]} 8. Nxd4 {[%emt 0:01:38]} cxd4 {[%emt 0:03:39]} 9. Nb1 {[%emt 0:00:59][%cal Bc3b1,Bb1d2,Bd2f3][%mdl 32]} Nc6 {[%emt 0:02:05]} 10. Be2 {[%emt 0:01:12] The position is equal.} e5 {[%emt 0:05:27]} 11. Nd2 {[%emt 0:03:27]} Be7 {[%emt 0:01:25]} 12. O-O {[%emt 0:04:28]} O-O {[%emt 0:02:30]} 13. a3 {[%emt 0:04:44]} Bd7 {[%emt 0:10:37]} 14. Bg4 {[%emt 0:01:23]} Be8 {[%emt 0:11:10]} 15. g3 {[%emt 0:09:57]} b5 {[%emt 0:06:34]} 16. Nf3 {[%emt 0:04:35]} Qd6 {[%emt 0:04:52][%cal Oh7h5]} 17. h4 {[%emt 0:02:42]} a5 {[%emt 0:06:40]} 18. Bd2 {[%emt 0:02:15]} a4 {[%emt 0:00:58]} 19. b4 {[%emt 0:06:09]} Bd7 {[%emt 0:03:05]} 20. Nh2 {[%emt 0:02:12]} Rac8 {[%emt 0:08:21]} 21. Rc1 {[%emt 0:01:36]} Na7 {[%emt 0:04:09]} 22. Qe2 {[%emt 0:08:16]} Rxc1 {[%emt 0:01:21]} 23. Rxc1 {[%emt 0:00:07]} Rc8 {[%emt 0:00:05]} 24. Rxc8+ {[%emt 0:01:35]} Nxc8 {[%emt 0:02:16]} 25. Bxd7 {[%emt 0:04:45]} Qxd7 {[%emt 0:00:03]} 26. Qg4 {[%emt 0:00:04]} Qxg4 {[%emt 0:00:54]} 27. Nxg4 $11 {[%emt 0:00:05][%mdl 4096] Endgame KBN-KBN} f6 {[%emt 0:00:06]} 28. h5 {[%emt 0:04:23]} Na7 {[%emt 0:03:56] [#] ...Nc6 is the strong threat.} 29. Nh2 $1 {[%emt 0:01:11]} Nc6 {[%emt 0:01:05][%cal Oc6b4] aiming for ...Nxb4!} 30. Nf3 {[%emt 0:00:26]} Kf7 {[%emt 0:00:22]} 31. g4 {[%emt 0:02:56]} g6 {[%emt 0:01:34]} 32. hxg6+ {[%emt 0:00:06]} hxg6 {[%emt 0:00:06]} 33. Kf1 {[%emt 0:03:02]} Ke6 {[%emt 0:02:32]} 34. Ke2 {[%emt 0:01:02]} g5 {[%emt 0:01:41] A rather calm draw.  Weighted Error Value: White=0.04 (flawless) /Black=0.03 (flawless)} 1/2-1/2

[Event "German Bundesliga 2021-22"]
[Site "Germany"]
[Date "2022.04.30"]
[Round "5.11"]
[White "Richter, Michael"]
[Black "Kamsky, Gata"]
[Result "0-1"]
[WhiteElo "2496"]
[BlackElo "2657"]
[Annotator "TA"]
[PlyCount "132"]
[EventDate "2022.03.05"]
[EventType "team-tourn"]
[EventCountry "GER"]
[SourceTitle "playchess.com"]
[Source "ChessBase"]
[SourceQuality "1"]
[TimeControl "40/5400+30:1800+30"]

{[%evp 14,132,21,12,31,9,12,12,23,3,31,28,28,30,32,26,31,6,21,0,0,0,0,0,9,0,0,0,-3,0,0,-7,0,0,0,0,0,0,0,0,0,-9,0,0,0,-12,-6,-56,-50,-47,-45,-46,-14,-83,-87,-83,-83,-83,-83,-83,-94,-98,-87,-87,-87,-94,-68,-123,-124,-130,-123,-139,-145,-141,-140,-138,-123,-141,-128,-127,-95,-154,-147,-147,-147,-166,-158,-158,-158,-180,-174,-179,-202,-263,-246,-193,0,0,0,0,0,0,0,-152,-8,-8,-14,-14,-8,-1160,-1146,-1082,-1071,-1082,-1004,-843,-828,-821,-672,-520,-345]} 1. d4 {[%emt 0:00:00]} Nf6 {[%emt 0:00:00]} 2. Nf3 {[%emt 0:00:00]} g6 {[%emt 0:00:00]} 3. Nbd2 {[%emt 0:00:00]} Bg7 {[%emt 0:01:00]} 4. e4 {[%emt 0:00:00]} d6 {[%emt 0:00:30]} 5. Bd3 {[%emt 0:00:00]} O-O {[%emt 0:00:30]} 6. O-O {[%emt 0:00:00]} Nc6 {[%emt 0:00:30]} 7. c3 {[%emt 0:00:00]} e5 {[%emt 0:00:30]} 8. Re1 {[%emt 0:00:00]} Re8 {[%emt 0:01:30] B07: Pirc Defence: Miscellaneous Systems.} 9. dxe5 {[%emt 0:00:00]} Nxe5 {[%emt 0:06:30]} 10. Nxe5 {[%emt 0:00:30]} dxe5 {[%emt 0:04:30] The position is equal.} 11. Nc4 {[%emt 0:00:30] [#]} h6 $146 {[%emt 0:02:30]} ({Predecessor:} 11... b6 12. a4 Bb7 13. Bg5 Qe7 14. Qc2 Rad8 15. Ne3 Rd6 16. f3 Red8 17. Bf1 c6 {1-0 (33) Kuzubov,Y (2653)-Kosakowski,J (2385) Karlsruhe 2019}) 12. a4 {[%emt 0:04:30]} a5 {[%emt 0:01:30]} 13. Qc2 {[%emt 0:12:30]} Qe7 {[%emt 0:14:30]} 14. b3 {[%emt 0:07:30]} Rd8 {[%emt 0:07:30]} 15. Ba3 {[%emt 0:03:30]} Qe8 {[%emt 0:00:30]} 16. Ne3 {[%emt 0:03:30]} Bf8 {[%emt 0:03:30]} 17. Bxf8 {[%emt 0:16:30]} Qxf8 {[%emt 0:00:30]} 18. Bc4 {[%emt 0:01:30]} c6 {[%emt 0:06:30]} 19. Rad1 {[%emt 0:02:30]} Kg7 {[%emt 0:04:30]} 20. Rxd8 {[%emt 0:03:30]} Qxd8 {[%emt 0:00:30]} 21. Rd1 {[%emt 0:02:30]} Qe7 {[%emt 0:00:00]} 22. Qd3 {[%emt 0:12:30]} Bd7 {[%emt 0:02:00]} 23. Qd6 {[%emt 0:13:47]} Qxd6 {[%emt 0:04:30]} 24. Rxd6 {[%emt 0:00:09]} Be8 {[%emt 0:03:30]} 25. f3 {[%emt 0:02:53]} Nd7 {[%emt 0:00:00]} 26. Bd3 {[%emt 0:01:45]} Kf8 {[%emt 0:01:00] aiming for ...Ke7.} 27. Bc2 {[%emt 0:00:23]} Ke7 {[%emt 0:00:00]} 28. Rd1 {[%emt 0:00:25]} f6 {[%emt 0:02:00]} 29. Kf2 {[%emt 0:00:33]} Nc5 {[%emt 0:01:30]} 30. Nc4 {[%emt 0:05:26]} (30. h4 $11) 30... Bf7 $15 {[%emt 0:00:30]} 31. Nd2 {[%emt 0:05:34]} Rd8 {[%emt 0:06:30]} 32. Ke3 {[%emt 0:00:35]} Be6 {[%emt 0:00:30]} 33. b4 {[%emt 0:02:38]} (33. Rb1 $11) 33... axb4 $17 {[%emt 0:07:30] Black is more active.} 34. cxb4 {[%emt 0:00:07]} Na6 {[%emt 0:00:00]} 35. Rb1 {[%emt 0:00:54]} Rd4 $1 {[%emt 0:00:00]} 36. b5 {[%emt 0:00:23]} Nb4 {[%emt 0:00:00]} 37. Rb2 {[%emt 0:01:20]} Nxc2+ {[%emt 0:04:50]} 38. Rxc2 {[%emt 0:00:05][%mdl 4096] Endgame KRB-KRN} Kd6 {[%emt 0:00:07]} (38... Rxa4 $6 39. bxc6 Ra3+ 40. Kf2 bxc6 41. Rxc6 $11) 39. bxc6 {[%emt 0:00:49]} bxc6 {[%emt 0:00:05]} 40. a5 {[%emt 0:00:22]} ({Better is} 40. f4 $1 $15) 40... Ra4 {[%emt 0:00:00]} 41. Rb2 {[%emt 0:00:00]} Kc7 {[%emt 0:00:00] Against Rb7+} 42. Nb1 {[%emt 0:00:00]} Rxa5 {[%emt 0:00:00]} 43. Nc3 {[%emt 0:00:00] Against Rb5} Ra3 {[%emt 0:00:00]} 44. Kd3 {[%emt 0:00:00]} Ra8 {[%emt 0:00:00]} 45. Rb4 {[%emt 0:01:22]} c5 {[%emt 0:05:58]} 46. Rb1 {[%emt 0:00:30]} Kc6 {[%emt 0:00:30]} 47. Kd2 {[%emt 0:00:30]} (47. g4 $142) 47... Bc4 {[%emt 0:14:30]} 48. Kc2 {[%emt 0:00:00]} h5 {[%emt 0:01:30][%cal Bh6h5,Bh5h4,Bh4h3][%mdl 32]} 49. Rg1 {[%emt 0:00:00]} h4 {[%emt 0:07:30]} 50. g3 {[%emt 0:00:00]} h3 {[%emt 0:00:30]} 51. g4 {[%emt 0:00:00]} g5 {[%emt 0:18:43]} 52. Rb1 {[%emt 0:00:00]} Rd8 {[%emt 0:00:59]} 53. Rd1 {[%emt 0:00:00] Prevents Bd3+.} Rd4 {[%emt 0:02:52]} 54. Ra1 {[%emt 0:19:04]} Rd3 $2 {[%emt 0:00:29]} (54... Bd3+ $19 55. Kc1 Rb4) 55. Ra4 $11 {[%emt 0:00:00]} Rxf3 {[%emt 0:00:47] Strongly threatening ...Rf2+.} 56. Rxc4 {[%emt 0:00:07] KRN-KR} Rf2+ {[%emt 0:01:19]} 57. Kd3 {[%emt 0:00:06]} Rxh2 {[%emt 0:00:41]} 58. Na4 $2 {[%emt 0:06:09]} (58. Ra4 $11) 58... Rh1 {[%emt 0:00:33]} (58... Rg2 $1 $17 {And now ...h2 would win.} 59. Rxc5+ Kd6) 59. Rxc5+ {[%emt 0:00:15]} Kd6 {[%emt 0:00:33]} 60. Rc2 {[%emt 0:00:18]} h2 {[%emt 0:00:33] ( -> ...Rd1+)} 61. Kc3 $2 {[%emt 0:00:33][%mdl 8192] [#] This move loses the game for White.} (61. Kc4 $11) 61... Ra1 $1 $19 {[%emt 0:00:27] Black is clearly winning.} 62. Rd2+ {[%emt 0:00:07]} Ke7 {[%emt 0:00:17]} 63. Rxh2 {[%emt 0:00:03]} Rxa4 {[%emt 0:00:46]} 64. Rh7+ {[%emt 0:00:18]} Ke6 {[%emt 0:00:13]} 65. Kd3 {[%emt 0:00:36] [#]} Ra3+ $1 {[%emt 0:00:24]} 66. Ke2 {[%emt 0:00:00]} Rg3 {[%emt 0:00:49] Weighted Error Value: White=0.17 (very precise) /Black=0.13 (very precise)} 0-1